[Event "Southend op"]
[Site "Southend"]
[Date "2024.03.31"]
[Round "8"]
[White "Ribeiro, Gustavo"]
[Black "Kawulok, Marek"]
[Result "1-0"]
[WhiteElo "2220"]
[BlackElo "2245"]
[PlyCount "75"]
[EventDate "2024.03.28"]
[EventType "swiss"]
[EventRounds "9"]
[EventCountry "ENG"]
[SourceTitle "CB14_2024"]
[SourceDate "2024.04.01"]
[SourceVersion "1"]
[SourceVersionDate "2024.04.01"]
[SourceQuality "1"]

1. e4 e5 2. Nf3 Nc6 3. Bb5 a6 4. Ba4 Bc5 5. 0-0 Nge7 6. c3 Ba7 7. d4 Ng6 8. Bg5 f6 9. Be3 0-0 10. d5 Nce7 11. Bxa7 Rxa7 12. d6 cxd6 13. Qxd6 b5 14. Bb3+ Kh8 15. Rd1 Rc7 16. a4 Bb7 17. axb5 axb5 18. Nbd2 Bc6 19. g3 Nc8 20. Qd3 Nce7 21. h4 Nc8 22. Nf1 f5 23. exf5 e4 24. Qd4 Rxf5 25. Ng5 Rxg5 26. hxg5 Qxg5 27. Qe3 Qg4 28. Bd5 Ne5 29. Nh2 Qf5 30. Bxc6 Rxc6 31. Rd4 d5 32. Qf4 Qxf4 33. gxf4 Nd3 34. Rxd5 h6 35. f5 Nd6 36. Ng4 Nxb2 37. Ne5 Rb6 38. Rxd6 1-0

[Event "Southend op"]
[Site "Southend"]
[Date "2024.03.30"]
[Round "5"]
[White "Gomez Aguirre, Juan Alberto"]
[Black "Kawulok, Marek"]
[Result "1-0"]
[WhiteElo "2196"]
[BlackElo "2245"]
[PlyCount "109"]
[EventDate "2024.03.28"]
[EventType "swiss"]
[EventRounds "9"]
[EventCountry "ENG"]
[SourceTitle "CB14_2024"]
[SourceDate "2024.04.01"]
[SourceVersion "1"]
[SourceVersionDate "2024.04.01"]
[SourceQuality "1"]

1. d4 Nf6 2. c4 e6 3. Nc3 Bb4 4. e3 0-0 5. Bd2 d5 6. Nf3 b6 7. cxd5 exd5 8. Rc1 Re8 9. Bd3 Bb7 10. 0-0 Bf8 11. Ne5 c5 12. f4 Nc6 13. Ne2 Ne4 14. Bxe4 dxe4 15. Nxc6 Bxc6 16. dxc5 bxc5 17. Bc3 Qd3 18. Kf2 Rad8 19. Ng3 Qxd1 20. Rfxd1 Rd3 21. Rxd3 exd3 22. b3 a5 23. Rd1 Rd8 24. e4 a4 25. Ke3 axb3 26. axb3 Bb5 27. e5 Ra8 28. Ra1 Rxa1 29. Bxa1 c4 30. bxc4 Bxc4 31. Ne4 Ba3 32. Bc3 Bc1+ 33. Bd2 Ba3 34. Kd4 Ba6 35. Nf2 Bb2+ 36. Ke3 g5 37. g3 gxf4+ 38. gxf4 Kf8 39. Nxd3 Bxd3 40. Kxd3 Ke7 41. Bc3 Bxc3 42. Kxc3 Ke6 43. Kd4 Kf5 44. Ke3 f6 45. exf6 Kxf6 46. Ke4 Ke6 47. f5+ Kf6 48. Kf4 Kf7 49. Ke5 Ke7 50. f6+ Kf7 51. Kf5 Kf8 52. Ke6 Ke8 53. f7+ Kf8 54. Kf6 h6 55. h4 1-0

[Event "Southend op"]
[Site "Southend"]
[Date "2024.03.29"]
[Round "3"]
[White "Haydon, David Leslie"]
[Black "Kawulok, Marek"]
[Result "1/2-1/2"]
[WhiteElo "2241"]
[BlackElo "2245"]
[PlyCount "67"]
[EventDate "2024.03.28"]
[EventType "swiss"]
[EventRounds "9"]
[EventCountry "ENG"]
[SourceTitle "CB14_2024"]
[SourceDate "2024.04.01"]
[SourceVersion "1"]
[SourceVersionDate "2024.04.01"]
[SourceQuality "1"]

1. Nf3 Nf6 2. d4 d5 3. c4 e6 4. Nc3 Bb4 5. a3 Bxc3+ 6. bxc3 c5 7. e3 0-0 8. Qc2 Nbd7 9. Be2 b6 10. cxd5 exd5 11. 0-0 Re8 12. c4 Ba6 13. cxd5 Bxe2 14. Qxe2 Nxd5 15. Qc4 N7f6 16. dxc5 Rc8 17. Bb2 Rxc5 18. Qb3 Qe7 19. Bd4 Rc7 20. Rfd1 Qe4 21. Rac1 Rec8 22. Rxc7 Rxc7 23. h3 h6 24. Bxf6 Nxf6 25. Nd4 Rc5 26. Nf3 Qc4 27. Qb4 Qxb4 28. axb4 Rb5 29. Rd8+ Kh7 30. Ra8 a5 31. bxa5 Rxa5 32. Rb8 Ra1+ 33. Kh2 Ne4 34. Rxb6 1/2-1/2

[Event "CZE-chT1W 2223"]
[Site "Czech Republic"]
[Date "2023.02.26"]
[Round "9.7"]
[White "Kawulok, Marek"]
[Black "Postupa, Pavel"]
[Result "1-0"]
[WhiteElo "2153"]
[BlackElo "1899"]
[PlyCount "63"]
[EventDate "2022.10.09"]
[EventType "team-tourn"]
[EventRounds "11"]
[EventCountry "CZE"]
[SourceTitle "CBM 213 Extra"]
[Source "ChessBase"]
[SourceDate "2023.05.31"]
[SourceVersion "1"]
[SourceVersionDate "2023.05.31"]
[SourceQuality "1"]
[WhiteTeam "Praha Oaza II"]
[BlackTeam "Lysa nad Labem II"]
[WhiteTeamCountry "CZE"]
[BlackTeamCountry "CZE"]

1. e4 e5 2. Nf3 Nc6 3. Bc4 Bc5 4. c3 Nf6 5. d4 exd4 6. b4 Bb6 7. e5 d5 8. exf6 dxc4 9. Qe2+ Be6 10. b5 Na5 11. fxg7 Rg8 12. cxd4 Bxd4 13. Nxd4 Qxd4 14. Bb2 Qd3 15. Bf6 Qxe2+ 16. Kxe2 b6 17. Nc3 Nb7 18. Ne4 Nd6 19. Nxd6+ cxd6 20. Rhd1 Kd7 21. Rd4 Rae8 22. Kf3 Bf5 23. Rxc4 Re6 24. Bd4 Bd3 25. Rc3 Be4+ 26. Kf4 Bxg2 27. f3 Rh6 28. Rac1 Rh4+ 29. Ke3 Re8+ 30. Kf2 Rxd4 31. Rc7+ Ke6 32. Re1+ 1-0

[Event "Basel Christmas op"]
[Site "Basel"]
[Date "2022.12.28"]
[Round "4"]
[White "Fischer, Daniel1111"]
[Black "Kawulok, Marek"]
[Result "0-1"]
[WhiteElo "2404"]
[BlackElo "2153"]
[PlyCount "60"]
[EventDate "2022.12.26"]
[EventType "swiss"]
[EventRounds "9"]
[EventCountry "SUI"]
[SourceTitle "EXT 2024"]
[Source "ChessBase"]
[SourceDate "2023.10.10"]
[SourceVersion "1"]
[SourceVersionDate "2023.10.10"]
[SourceQuality "1"]

1. e4 e5 2. Nf3 Nc6 3. Bc4 d6 4. d4 Nf6 5. Ng5 d5 6. exd5 Nxd4 7. c3 Nf5 8. 0-0 h6 9. Nf3 e4 10. Re1 Bc5 11. Nbd2 Nd6 12. Bd3 Bf5 13. Nd4 Bxd4 14. cxd4 0-0 15. Bb1 Re8 16. Qb3 Qd7 17. a4 Bg6 18. Nf1 Nf5 19. Qxb7 Nxd4 20. Ra3 Qxd5 21. Qxc7 Rac8 22. Qf4 Ne2+ 23. Rxe2 Qd1 24. Rc2 e3 25. Rxe3 Bxc2 26. Rxe8+ Rxe8 27. Bxc2 Qxc2 28. g3 Re1 29. Bd2 Rd1 30. Kg2 Qd3 0-1

[Event "Pardubice Czech op-E 32nd"]
[Site "Pardubice"]
[Date "2021.07.16"]
[Round "3.1"]
[White "Svoboda, Vaclav1111"]
[Black "Kawulok, Marek"]
[Result "1/2-1/2"]
[WhiteElo "2401"]
[BlackElo "2213"]
[PlyCount "100"]
[EventDate "2021.07.15"]
[EventType "team-swiss"]
[EventRounds "7"]
[EventCountry "CZE"]
[SourceTitle "CBM 203 Extra"]
[Source "ChessBase"]
[SourceDate "2021.09.30"]
[SourceVersion "1"]
[SourceVersionDate "2021.09.30"]
[SourceQuality "1"]
[WhiteTeam "Praha Oaza"]
[BlackTeam "Praha Oaza II"]
[WhiteTeamCountry "CZE"]
[BlackTeamCountry "CZE"]

1. e4 e5 2. Nf3 Nc6 3. Bb5 a6 4. Ba4 Nf6 5. Qe2 b5 6. Bb3 Be7 7. 0-0 0-0 8. c3 d5 9. d3 Bb7 10. Rd1 d4 11. Nbd2 Nd7 12. Nf1 Nc5 13. Bc2 Ne6 14. Ng3 g6 15. Bb3 Qd6 16. Bd5 Ncd8 17. cxd4 Nxd4 18. Nxd4 exd4 19. Bh6 Re8 20. Bb3 Ne6 21. Qg4 Bf6 22. f4 Bg7 23. Bxg7 Nxg7 24. e5 Qb6 25. Rf1 c5 26. f5 c4 27. fxg6 Qxg6 28. Qxg6 hxg6 29. dxc4 Rxe5 30. cxb5 Ne6 31. bxa6 Bxa6 32. Rfe1 Rxe1+ 33. Rxe1 Nc5 34. Rd1 Nxb3 35. axb3 d3 36. Ne4 Rc8 37. b4 Rc2 38. Nc5 Bb5 39. Nxd3 Bc6 40. Ne1 Rxb2 41. Rd6 Bb5 42. Rd4 Kg7 43. Rf4 Bc6 44. h3 g5 45. Rc4 Bb7 46. Nc2 Ba6 47. Rc3 f6 48. Kh2 Bb5 49. Nd4 Rxb4 50. Nxb5 Rxb5 1/2-1/2

[Event "CZE-ch"]
[Site "Plzen"]
[Date "2020.08.28"]
[Round "6"]
[White "Nytra, Ondrej"]
[Black "Kawulok, Marek"]
[Result "1-0"]
[WhiteElo "1925"]
[BlackElo "2226"]
[PlyCount "103"]
[EventDate "2020.08.23"]
[EventType "swiss"]
[EventRounds "9"]
[EventCountry "CZE"]
[SourceTitle "CBM 198 Extra"]
[Source "ChessBase"]
[SourceDate "2020.11.30"]
[SourceVersion "1"]
[SourceVersionDate "2020.11.30"]
[SourceQuality "1"]

1. e4 c5 2. Nf3 Nc6 3. d4 cxd4 4. Nxd4 g6 5. Be2 Bg7 6. Nb3 Nf6 7. Nc3 0-0 8. 0-0 d6 9. Bg5 Be6 10. Kh1 Rc8 11. f4 Na5 12. f5 Bc4 13. Bd3 Nxb3 14. axb3 Bxd3 15. Qxd3 a6 16. Rae1 Nd7 17. Nd5 Re8 18. fxg6 hxg6 19. Qh3 Rxc2 20. Rxf7 Kxf7 21. Nf4 Nf8 22. Rf1 Bf6 23. Qh6 Rc5 24. h4 Qc8 25. Nd3 Rb5 26. e5 dxe5 27. Qh8 Nd7 28. Qh7+ Ke6 29. Qxg6 Kd6 30. Rc1 Rg8 31. Qe4 Qe8 32. Nb4 Ke6 33. Qc4+ Kf5 34. Qd3+ e4 35. Rf1+ Kg6 36. Qxe4+ Kg7 37. Nd5 Qg6 38. Rf5 Bxg5 39. Rxg5 Qxg5 40. hxg5 e5 41. Ne7 Rh8+ 42. Kg1 Rb6 43. Nf5+ Kf8 44. Qd5 Ke8 45. g6 Rxg6 46. Qxb7 Rhg8 47. Qc8+ Kf7 48. Qxd7+ Kf6 49. Ne3 R8g7 50. Qd6+ Kf7 51. Qxe5 Kf8 52. Qd5 1-0

[Event "CZE-ch"]
[Site "Plzen"]
[Date "2020.08.25"]
[Round "3"]
[White "Kawulok, Marek"]
[Black "Paseka, Matyas"]
[Result "0-1"]
[WhiteElo "2226"]
[BlackElo "1959"]
[PlyCount "52"]
[EventDate "2020.08.23"]
[EventType "swiss"]
[EventRounds "9"]
[EventCountry "CZE"]
[SourceTitle "CBM 198 Extra"]
[Source "ChessBase"]
[SourceDate "2020.11.30"]
[SourceVersion "1"]
[SourceVersionDate "2020.11.30"]
[SourceQuality "1"]

1. e4 c5 2. Nf3 Nc6 3. Bb5 g6 4. Bxc6 dxc6 5. d3 Bg7 6. h3 Nf6 7. Nc3 e5 8. Be3 Nd7 9. Qd2 h6 10. 0-0 Qe7 11. Nh2 Nf8 12. f4 exf4 13. Bxf4 g5 14. Bg3 Ng6 15. Rae1 Be6 16. e5 0-0-0 17. Nf3 g4 18. hxg4 Bxg4 19. Ne4 Bxf3 20. Nd6+ Rxd6 21. exd6 Bd4+ 22. Kh2 Qg5 23. Rxf3 Qxd2 24. Rxf7 Be3 25. Rc7+ Kb8 26. d7 Nf4 0-1

[Event "CZE-chT2C 1920"]
[Site "Czech Republic"]
[Date "2019.12.15"]
[Round "5.2"]
[White "Kawulok, Marek"]
[Black "Jelinek, Michal"]
[Result "0-1"]
[WhiteElo "2179"]
[BlackElo "2125"]
[PlyCount "80"]
[EventDate "2019.10.13"]
[EventType "team-tourn"]
[EventRounds "11"]
[EventCountry "CZE"]
[SourceTitle "EXT 2024"]
[Source "ChessBase"]
[SourceDate "2023.10.10"]
[SourceVersion "1"]
[SourceVersionDate "2023.10.10"]
[SourceQuality "1"]
[WhiteTeam "Neratovice II"]
[BlackTeam "Praha Oaza II"]
[WhiteTeamCountry "CZE"]
[BlackTeamCountry "CZE"]

1. e4 e5 2. Nf3 Nc6 3. Nc3 Nf6 4. d4 exd4 5. Nxd4 Bb4 6. Nxc6 bxc6 7. Bd3 d5 8. exd5 0-0 9. 0-0 cxd5 10. Bg5 c6 11. Qf3 h6 12. Bxf6 Qxf6 13. Qxf6 gxf6 14. Ne2 Re8 15. Ng3 Bf8 16. Rfe1 Re6 17. f4 Bb7 18. Nh5 Rd6 19. Re2 c5 20. Rae1 c4 21. Bf5 d4 22. Be4 Bxe4 23. Rxe4 f5 24. Re8 Rxe8 25. Rxe8 Re6 26. Rxe6 fxe6 27. Ng3 Bd6 28. Nh5 Kf7 29. h3 Kg6 30. g4 fxg4 31. hxg4 e5 32. Kf2 exf4 33. Kf3 d3 34. cxd3 cxd3 35. b4 Be5 36. b5 Kg5 37. a4 d2 38. Ke2 Kxg4 39. Nxf4 Bxf4 40. a5 Kg3 0-1

[Event "Prague Menchik Memorial rapid"]
[Site "Prague"]
[Date "2019.06.09"]
[Round "9"]
[White "Kubikova, Hana"]
[Black "Kawulok, Marek"]
[Result "1/2-1/2"]
[WhiteElo "2046"]
[BlackElo "2172"]
[PlyCount "43"]
[EventDate "2019.06.09"]
[EventType "swiss (rapid)"]
[EventRounds "9"]
[EventCountry "CSR"]
[SourceTitle "CBM 190 Extra"]
[Source "ChessBase"]
[SourceDate "2019.07.15"]
[SourceVersion "1"]
[SourceVersionDate "2019.07.15"]
[SourceQuality "1"]

1. d4 Nf6 2. Nf3 g6 3. g3 Bg7 4. Bg2 0-0 5. 0-0 d6 6. c4 Nc6 7. Nc3 a6 8. e4 e5 9. dxe5 Nxe5 10. Nxe5 dxe5 11. Qxd8 Rxd8 12. Bg5 c6 13. Rad1 Be6 14. b3 Rd4 15. Be3 Rxd1 16. Rxd1 Nd7 17. h3 f5 18. Na4 Kf7 19. Nb6 Nxb6 20. Bxb6 Bf8 21. h4 Be7 22. a4 1/2-1/2